Windowsowy Quiz - Statystyki

Ogólne statystyki
  • Ten quiz został rozwiązany 163 razy
  • Średni wynik to 9 z 12
Statystyki odpowiedzi
Podpowiedź Odpowiedź % Poprawnych
Aktualnie najnowszy Windows (rok 2020) Windows 10
96%
System Wydany w 2001 roku Windows xp
88%
System wydany w 1998 roku Windows 98
86%
Pierwsza wersja Windowsa Windows 1.0
84%
Poprzednik Windowsa 8 Windows 7
84%
System Wydany w 2007 roku Windows Vista
82%
Rok wydania Windowsa 8 2012
81%
Poprzednik Windowsa 98 Windows 95
77%
Rok wydania Windowsa ME 2000
73%
Pierwszy Windows z Reklamą Windows 1.0
65%
System z największą liczbą błędów Windows ME
59%
Pierwszy "Windows Server" Windows Server 2003
54%
Nie znaleziono quizów pasujących do podanych kryteriów
Rozkład punktacji
Procent ludzi z każdym wynikiem
Percentyl według liczby udzielonych odpowiedzi
Twoja historia wyników
Nie rozwiązałeś tego quizu